00613nam a2200157 a 4500008004100000050001600041100001800057245007300075260002800148300002200176350000900198700002000207995008700227999001700314952012400331120416s1969 ||||||||||||||||| || u aPL 8011 Pro aMunro, Donald10aProtest and conflict in African literaturecedited by Cosmo Piertese aLondonbHeinemannc1969 axii, 127p. : ill. a0.00 aPiertese, Cosmo D0.00FCBU-MAIN LIBRARY (Kitwe)H1I8.25M1UAVAILABLEZAnnex Low-Usage Collection  c55195d55195 00102lcc4070a001b001cAnnex Low-Usage Collection d2022-11-30l0oPL 8011 Prop010802r2022-11-30w2022-11-30y002